banner koha

O hambúrguer orgânico da Friboi (Registro n. 330781)

MARC details
000 -LÍDER
fixed length control field 00909nab a2200289 4500
003 - CÓDIGO MARC DA AGÊNCIA CATALOGADORA
Campo de controle BR-BrBNA
005 - DATA E HORA DA ÚLTIMA ATUALIZAÇÃO
Campo de controle 20250401162648.0
008 - CAMPO DE TAMANHO FIXO
fixed length control field 250401b bl.||||| |||| 00| 0 por d
040 ## - FONTE DA CATALOGAÇÃO
Agência catalogadora BR-BrBNA
Idioma da catalogação por
072 ## - CATEGORIA AGRIS
Código AGRIS L01 ; Q02 ; P01
Código do objeto 5213 ; 1910
100 ## - ENTRADA PRINCIPAL - NOME PESSOAL
Nome pessoal Zepper, Paulo
100 ## - ENTRADA PRINCIPAL - NOME PESSOAL
Nome pessoal Caldeira, Zeca
245 ## - TÍTULO PRINCIPAL
Título principal O hambúrguer orgânico da Friboi
Subtítulo Agronegócios
500 ## - NOTA GERAL
Nota geral 2 illus.
942 ## - ADDED ENTRY ELEMENTS (KOHA)
Koha item type Analítica
650 ## - ASSUNTO - THESAGRO
Cabeçalho tópico ou nome geográfico GADO DE CORTE
650 ## - ASSUNTO - THESAGRO
Cabeçalho tópico ou nome geográfico PASTAGEM NATURAL
650 ## - ASSUNTO - THESAGRO
Cabeçalho tópico ou nome geográfico MANEJO
650 ## - ASSUNTO - THESAGRO
Cabeçalho tópico ou nome geográfico SUSTENTABILIDADE
650 ## - ASSUNTO - THESAGRO
Cabeçalho tópico ou nome geográfico ALIMENTO ORGÂNICO
650 ## - ASSUNTO - THESAGRO
Cabeçalho tópico ou nome geográfico CARNE TRATADA
650 ## - ASSUNTO - THESAGRO
Cabeçalho tópico ou nome geográfico HAMBÚRGUER
650 ## - ASSUNTO - THESAGRO
Cabeçalho tópico ou nome geográfico FRIGORÍFICO
650 ## - ASSUNTO - THESAGRO
Cabeçalho tópico ou nome geográfico MATO GROSSO
773 0# - ENTRADA ANALÍTICA
Host Biblionumber 1706
Registro do item 346302
Imprenta São Paulo-SP Editora Três Ltda - E-mail: luizfsa@revistadinheiro.com.br 2004
Outro identificador 2024-6956
Título Dinheiro Rural (Brazil)
ISSN 1807-3700
Colação v. 3(20) p. 56-57; (Jun 2006)
Número de controle de registro BR2025000440

Nenhum exemplar disponível.

BINAGRI

Telefone: (61)3218-2567/2388/3357/2097 - binagri@agro.gov.br

Ministério da Agricultura e Pecuária , Esplanada dos Ministérios, Bloco D, Anexo B, Brasília/DF, CEP: 70.043-900